| 000 -CABECERA |
| Longitud fija campo de control |
00546nam a2200217 a 4500 |
| 001 - NÚMERO DE CONTROL |
| Número de control |
4349 |
| 003 - IDENTIFICADOR DEL NÚMERO DE CONTROL |
| Identificador del número de control |
CDMR |
| 005 - FECHA Y HORA DE LA ÚLTIMA TRANSACCIÓN |
| Fecha y hora de la última transacción |
20151026134202.0 |
| 007 - CAMPO FIJO DE DESCRIPCIÓN FÍSICA |
| Campo fijo de descripción f&íacute;sica |
ta |
| 008 - CÓDIGOS DE INFORMACIÓN DE LONGITUD FIJA |
| Códigos de información de longitud fija |
130130s1996||||||||||||||||||||||||||||d |
| 020 ## - NÚMERO INTERNACIONAL NORMALIZADO PARA LIBROS |
| Número Internacional Normalizado para Libros (ISBN) |
847880711X |
| 024 ## - OTROS IDENTIFICADORES NORMALIZADOS |
| Fuente del número o código |
DL |
| Número normalizado o código |
M401821996 |
| 040 ## - FUENTE DE LA CATALOGACIÓN |
| Centro catalogador de origen |
CDMR |
| Lengua de catalogación |
cat |
| Centro transcriptor |
CDMR |
| 110 ## - PUNTO DE ACCESO PRINCIPAL-NOMBRE DE ENTIDAD CORPORATIVA |
| 9 (RLIN) |
3493 |
| Nombre de entidad corporativa o nombre de jurisdicción como elemento inicial |
El Mundo (Diari) |
| 245 #3 - MENCIÓN DE TÍTULO |
| Título |
El Mundo |
| Resto del título |
Libro de estilo |
| 260 ## - PUBLICACIÓN, DISTRIBUCIÓN, ETC. (PIE DE IMPRENTA) |
| Lugar de publicación, distribución, etc. |
Madrid |
| Fecha de publicación, distribución, etc. |
1996 |
| Nombre del editor, distribuidor, etc. |
Temas de hoy |
| 300 ## - DESCRIPCIÓN FÍSICA |
| Extensión |
390 P. |
| 654 ## - PUNTO DE ACCESO ADICIONAL DE MATERIA - TÉRMINO DE MATERIA FACETADOS |
| 9 (RLIN) |
3086 |
| Término principal |
Periodisme |
| Subdivisión de forma |
Manuals d'estil |
| 654 ## - PUNTO DE ACCESO ADICIONAL DE MATERIA - TÉRMINO DE MATERIA FACETADOS |
| 9 (RLIN) |
3772 |
| Término principal |
Periodisme--Manuals d'estil |
| 942 ## - ENTRADA DE ELEMENTOS AGREGADOS (KOHA) |
| Koha [por defecto] tipo de item |
Monografies |
| Fuente de clasificaión o esquema |
|